ՀՀ Գիտությունների ազգային ակադեմիայի հիմնարար գիտական գրադարան  =   Fundamental Scientific Library of NAS RA

Պատարագամատոյց Հայաստանեայց Առաքելական Սուրբ եկեղեցւոյ = (Record no. 529271)

MARC details
000 -LEADER
fixed length control field 01450nam a2200241 a 4500
003 - CONTROL NUMBER IDENTIFIER
control field AM-YeHGA
005 - DATE AND TIME OF LATEST TRANSACTION
control field 20250617164755.0
008 - FIXED-LENGTH DATA ELEMENTS--GENERAL INFORMATION
fixed length control field 240202s1887 enk|||||||||||||||0|arm|d
040 ## - CATALOGING SOURCE
Original cataloging agency AM-YeHGA
041 0# - LANGUAGE CODE
Language code of text/sound track or separate title arm
-- eng
090 ## - LOCALLY ASSIGNED LC-TYPE CALL NUMBER (OCLC); LOCAL CALL NUMBER (RLIN)
-- 567660
245 00 - TITLE STATEMENT
Title Պատարագամատոյց Հայաստանեայց Առաքելական Սուրբ եկեղեցւոյ =
Remainder of title Liturgy of the Holy Apostolic Church of Armenia /
Statement of responsibility, etc. Առաջաբան՝ Եսայի Վարդ. Աստուածատրեանց.
246 31 - VARYING FORM OF TITLE
Title proper/short title Liturgy of the Holy Apostolic Church of Armenia
260 ## - PUBLICATION, DISTRIBUTION, ETC.
Place of publication, distribution, etc. Լոնդոն :
Name of publisher, distributor, etc. Ա. հ.,
Date of publication, distribution, etc. 1887.
300 ## - PHYSICAL DESCRIPTION
Extent 142 էջ ;
Other physical details 18 սմ.
500 ## - GENERAL NOTE
General note Գիրքը թվայնացվել է ՀՀ ԳԱԱ Հիմնարար գիտական գրադարանի նախաձեռնած «Որդեգրիր գիրք» ծրագրի շրջանակում՝ պարոն Հայկ Գավալճեանի ֆինանսական աջակցությամբ և Վիեննայի Մխիթարյան միաբանության հոգևոր հայրերի բարի կամեցողությամբ:
546 ## - LANGUAGE NOTE
Language note Բնագիրը՝ հայերէն և անգղիերէն
650 14 - SUBJECT ADDED ENTRY--TOPICAL TERM
Topical term or geographic name entry element Հայոց եկեղեցի
General subdivision Պատարագներ
650 14 - SUBJECT ADDED ENTRY--TOPICAL TERM
Topical term or geographic name entry element Բացակա գրքեր
700 1# - ADDED ENTRY--PERSONAL NAME
Personal name Աստուածատրեան, Եսայի,
Titles and other words associated with a name Վարդապետ
Relator term առաջաբ.
Relationship aui
856 41 - ELECTRONIC LOCATION AND ACCESS
Uniform Resource Identifier <a href="https://arar.sci.am/dlibra/publication/391123/edition/361789/content">https://arar.sci.am/dlibra/publication/391123/edition/361789/content</a>
Link text Կարդալ առցանց
942 ## - ADDED ENTRY ELEMENTS (KOHA)
Source of classification or shelving scheme Universal Decimal Classification
Koha item type Գրքեր / Books
Holdings
Withdrawn status Lost status Source of classification or shelving scheme Damaged status Not for loan Home library Current library Date acquired Total checkouts Full call number Date last seen Price effective from Koha item type
    Universal Decimal Classification     Fundamental Scientific Library Fundamental Scientific Library 02/02/2024   Բացակա գրքեր 02/02/2024 02/02/2024 Գրքեր / Books


ՀՀ ԳԱԱ հիմնարար գիտական գրադարան
ՀՀ,Երևան 0019
Մարշալ Բաղրամյան 24/6
հեռախոս:(374-10) 52-47-50
Հետադարձ կապ

All site content, except where otherwise noted, is licensed under a
Creative Commons License